[Event "POL-ch Blitz U18 Girls"]
[Site "Bydgoszcz"]
[Date "2023.08.31"]
[Round "8"]
[White "Popczynska, Michalina"]
[Black "Wysocka, Maja"]
[Result "1-0"]
[WhiteElo "1260"]
[BlackElo "1134"]
[PlyCount "97"]
[EventDate "2023.08.28"]
[EventType "swiss"]
[EventRounds "9"]
[EventCountry "POL"]
[SourceTitle "CBM 216 Extra"]
[Source "ChessBase"]
[SourceDate "2023.11.30"]
[SourceVersion "1"]
[SourceVersionDate "2023.11.30"]
[SourceQuality "1"]

1. e4 e5 2. Nf3 Nc6 3. Bc4 Bc5 4. c3 d6 5. 0-0 Bg4 6. a4 Nf6 7. b4 Bxb4 8. cxb4 Nxb4 9. Nc3 Nc6 10. d3 Nd4 11. Kh1 Nxf3 12. gxf3 Bh3 13. Rg1 Nh5 14. Bg5 f6 15. Be3 Qd7 16. d4 Rg8 17. Bxg8 0-0-0 18. Bc4 g5 19. dxe5 fxe5 20. Bf1 Rg8 21. Bxh3 Qxh3 22. f4 Nxf4 23. Qg4+ Qxg4 24. Rxg4 h5 25. Rgg1 Nh3 26. Rg3 Nf4 27. Bxf4 exf4 28. Rg2 f3 29. Rg3 g4 30. h3 h4 31. Rxg4 Rxg4 32. hxg4 h3 33. Kh2 Kd7 34. Kxh3 Ke7 35. Rg1 a6 36. g5 c5 37. g6 Kf8 38. g7+ Kg8 39. Nd5 b5 40. Nf6+ Kf7 41. g8Q+ Kxf6 42. Qf8+ Ke6 43. Rg6+ Ke5 44. Qf5+ Kd4 45. Rxd6+ Kc3 46. Qxc5+ Kb2 47. Rd2+ Kb1 48. Qb4+ Kc1 49. Qb2# 1-0

[Event "POL-ch Rapid U18 Girls"]
[Site "Bydgoszcz"]
[Date "2023.08.30"]
[Round "7"]
[White "Ejsymont, Blanka"]
[Black "Popczynska, Michalina"]
[Result "1/2-1/2"]
[WhiteElo "1521"]
[BlackElo "1360"]
[PlyCount "90"]
[EventDate "2023.08.28"]
[EventType "swiss"]
[EventRounds "11"]
[EventCountry "POL"]
[SourceTitle "CBM 216 Extra"]
[Source "ChessBase"]
[SourceDate "2023.11.30"]
[SourceVersion "1"]
[SourceVersionDate "2023.11.30"]
[SourceQuality "1"]

1. e4 c5 2. Nf3 d6 3. d4 cxd4 4. Nxd4 Nf6 5. Nc3 g6 6. Be3 Nc6 7. f3 h5 8. Qd2 Nxd4 9. Qxd4 Bg7 10. Qd2 a6 11. Bc4 Bd7 12. 0-0 0-0 13. a4 Rc8 14. Bb3 Qc7 15. a5 Bc6 16. Na4 Bxa4 17. Rxa4 Nd7 18. c3 Nc5 19. Bxc5 Qxc5+ 20. Qf2 Qxf2+ 21. Kxf2 e6 22. Rd1 Rfd8 23. Rb4 Rc7 24. Rb6 Bf8 25. Ke2 Be7 26. f4 Kg7 27. f5 Kf6 28. Rf1 exf5 29. exf5 g5 30. Bd5 Rdd7 31. c4 Bf8 32. Rf3 Be7 33. Rfb3 Rc5 34. Rxb7 Rxb7 35. Bxb7 Rxa5 36. Rb6 Re5+ 37. Kd3 a5 38. Rb5 Rxf5 39. Be4 Rxb5 40. cxb5 Bd8 41. Kd4 Ke6 42. Bd5+ Ke7 43. Bc6 Ke6 44. Bd5+ Ke7 45. Bc6 Ke6 1/2-1/2

[Event "POL-ch Rapid U18 Girls"]
[Site "Bydgoszcz"]
[Date "2023.08.30"]
[Round "11"]
[White "Gorecka, Zuzanna"]
[Black "Popczynska, Michalina"]
[Result "1/2-1/2"]
[WhiteElo "1328"]
[BlackElo "1360"]
[PlyCount "130"]
[EventDate "2023.08.28"]
[EventType "swiss"]
[EventRounds "11"]
[EventCountry "POL"]
[SourceTitle "CBM 216 Extra"]
[Source "ChessBase"]
[SourceDate "2023.11.30"]
[SourceVersion "1"]
[SourceVersionDate "2023.11.30"]
[SourceQuality "1"]

1. d4 Nf6 2. c4 e6 3. Nf3 c5 4. Nc3 cxd4 5. Nxd4 a6 6. e4 Qc7 7. Be3 Be7 8. Be2 0-0 9. 0-0 d6 10. f3 Nbd7 11. Qc2 b6 12. Rad1 Bb7 13. Bf2 Rac8 14. Bg3 Rfd8 15. f4 Nf8 16. e5 dxe5 17. fxe5 N6d7 18. Nf3 Ng6 19. Bd3 Nc5 20. Be4 Nxe4 21. Nxe4 Bxe4 22. Rxd8+ Bxd8 23. Qxe4 Qxc4 24. Qxc4 Rxc4 25. Rd1 Rc8 26. Bf2 Kf8 27. Rd6 Rc1+ 28. Ne1 Ke7 29. Rd3 Nxe5 30. Ra3 a5 31. Rb3 h6 32. Kf1 Rc6 33. Bd4 Bc7 34. Rb5 f6 35. Ke2 Nf7 36. Nf3 e5 37. Be3 g5 38. g4 Nd6 39. Rb3 Nc4 40. Bf2 Nd6 41. Be3 Ke6 42. h4 Kf7 43. hxg5 hxg5 44. Bxg5 Rc2+ 45. Bd2 Nc4 46. Kd3 Nxd2 47. Nxd2 Rc6 48. Ne4 Kg6 49. Kd2 f5 50. gxf5+ Kxf5 51. Nc3 Ke6 52. Nb5 Bd8 53. Re3 Rc5 54. Nd4+ Kd5 55. Nb3 Rc8 56. Rd3+ Ke6 57. Kd1 Bg5 58. Rg3 Bf6 59. Nd2 Rd8 60. Ke2 Rd4 61. Rb3 Bd8 62. Nf3 Rc4 63. Kd3 Rf4 64. Ke3 Rf5 65. Rb5 Bc7 1/2-1/2

[Event "POL-ch Rapid U18 Girls"]
[Site "Bydgoszcz"]
[Date "2023.08.29"]
[Round "2"]
[White "Popczynska, Michalina"]
[Black "Bartkowiak, Aleksandra"]
[Result "1-0"]
[WhiteElo "1360"]
[BlackElo "1112"]
[PlyCount "79"]
[EventDate "2023.08.28"]
[EventType "swiss"]
[EventRounds "11"]
[EventCountry "POL"]
[SourceTitle "CBM 216 Extra"]
[Source "ChessBase"]
[SourceDate "2023.11.30"]
[SourceVersion "1"]
[SourceVersionDate "2023.11.30"]
[SourceQuality "1"]

1. e4 c5 2. Nf3 d6 3. d4 cxd4 4. Nxd4 Nf6 5. Nc3 a6 6. a4 e5 7. Nb3 Be6 8. Bd3 Be7 9. 0-0 0-0 10. h3 Nbd7 11. Be3 Rc8 12. Re1 h6 13. Qd2 Re8 14. Kh1 Bf8 15. f4 Kh8 16. f5 Bxb3 17. cxb3 Nc5 18. Bxc5 Rxc5 19. Bc4 Kg8 20. Nd5 Nxd5 21. Bxd5 Qc7 22. Rac1 Rxc1 23. Rxc1 Qd7 24. Qc2 Re7 25. b4 b5 26. a5 Kh7 27. Qc6 Qxc6 28. Rxc6 Ra7 29. Rc8 Kg8 30. Kg1 h5 31. Kf2 Rd7 32. Kg3 Ra7 33. Kh4 Rd7 34. Kxh5 Ra7 35. Kg5 Rd7 36. h4 Ra7 37. h5 Rd7 38. g4 Ra7 39. Kh4 Rd7 40. g5 1-0

[Event "Wroclaw Anderssen Memorial op-B"]
[Site "Wroclaw"]
[Date "2023.??.??"]
[Round "4"]
[White "Borowski, Przemyslaw"]
[Black "Popczynska, Michalina"]
[Result "1-0"]
[WhiteElo "1801"]
[BlackElo "1600"]
[PlyCount "73"]
[EventDate "2023.08.06"]
[EventType "swiss"]
[EventRounds "9"]
[EventCountry "POL"]
[SourceTitle "EXT 2024"]
[Source "ChessBase"]
[SourceDate "2023.10.10"]
[SourceVersion "1"]
[SourceVersionDate "2023.10.10"]
[SourceQuality "1"]

1. c4 Nf6 2. Nc3 e6 3. g3 d5 4. cxd5 exd5 5. d4 c6 6. Bg2 Bd6 7. Nf3 0-0 8. 0-0 h6 9. Ne1 Bf5 10. Nd3 Re8 11. a3 Nbd7 12. b4 Qe7 13. e3 h5 14. h4 Ng4 15. Ne2 Ndf6 16. Ndf4 Kh7 17. b5 Rg8 18. bxc6 bxc6 19. Nh3 Rab8 20. Ng5+ Kh8 21. Nf4 Rge8 22. Re1 Bxf4 23. gxf4 Ne4 24. f3 Ngf2 25. Qc2 Nxg5 26. Qxf5 Nfh3+ 27. Kf1 g6 28. Qe5+ Qxe5 29. fxe5 Rf8 30. hxg5 Nxg5 31. f4 Ne4 32. Bxe4 dxe4 33. Bd2 f6 34. Bb4 Rf7 35. Bd6 Rbb7 36. e6 Rg7 37. Rab1 1-0

[Event "Wroclaw Anderssen Memorial op-B"]
[Site "Wroclaw"]
[Date "2023.??.??"]
[Round "5"]
[White "Popczynska, Michalina"]
[Black "Wieczorek, Maja"]
[Result "0-1"]
[WhiteElo "1600"]
[BlackElo "1343"]
[PlyCount "80"]
[EventDate "2023.08.06"]
[EventType "swiss"]
[EventRounds "9"]
[EventCountry "POL"]
[SourceTitle "EXT 2024"]
[Source "ChessBase"]
[SourceDate "2023.10.10"]
[SourceVersion "1"]
[SourceVersionDate "2023.10.10"]
[SourceQuality "1"]

1. d4 Nf6 2. g3 c5 3. d5 d6 4. Bg2 g6 5. e4 Nbd7 6. Nc3 Bg7 7. Nge2 0-0 8. 0-0 a6 9. a4 Qc7 10. h3 e5 11. dxe6 fxe6 12. Nf4 Ne5 13. b3 Qe7 14. Bb2 b6 15. Qe2 Bb7 16. Rfd1 Rad8 17. Nd3 Nxd3 18. Rxd3 Nh5 19. Rad1 Bd4 20. Rf3 Rxf3 21. Bxf3 Nxg3 22. Qd2 Qf7 23. Qg5 Rf8 24. Qxg3 Qxf3 25. Qxf3 Rxf3 26. Rd3 Bxf2+ 27. Kg2 Rxd3 28. cxd3 Bd4 29. Kf3 Kf7 30. Kf4 Kf6 31. h4 Bc8 32. Kg4 e5+ 33. Kf3 Be6 34. Nd5+ Bxd5 35. Bxd4 exd4 36. exd5 Kf5 37. Kg3 h5 38. Kf3 Ke5 39. Kg3 b5 40. axb5 axb5 0-1

[Event "Wroclaw Anderssen Memorial op-B"]
[Site "Wroclaw"]
[Date "2023.??.??"]
[Round "8"]
[White "Suszczynski, Dominik"]
[Black "Popczynska, Michalina"]
[Result "1/2-1/2"]
[WhiteElo "1397"]
[BlackElo "1600"]
[PlyCount "64"]
[EventDate "2023.08.06"]
[EventType "swiss"]
[EventRounds "9"]
[EventCountry "POL"]
[SourceTitle "EXT 2024"]
[Source "ChessBase"]
[SourceDate "2023.10.10"]
[SourceVersion "1"]
[SourceVersionDate "2023.10.10"]
[SourceQuality "1"]

1. e4 c5 2. Nf3 Nc6 3. b4 cxb4 4. d4 d5 5. exd5 Qxd5 6. c4 bxc3 7. Nxc3 Qd8 8. d5 Nb8 9. Bf4 Bd7 10. Bc4 a6 11. a4 Bg4 12. 0-0 Nd7 13. Re1 Ngf6 14. Qb3 Bxf3 15. gxf3 Nb6 16. Bb5+ Nbd7 17. Rad1 Rc8 18. d6 axb5 19. dxe7 Bxe7 20. Bd6 bxa4 21. Nxa4 Ng8 22. Qb4 Rc6 23. Nc5 Nxc5 24. Bxe7 Qxd1 25. Bxc5+ Qxe1+ 26. Qxe1+ Kd7 27. Qd2+ Kc8 28. Qa5 Ra6 29. Qc3 Rc6 30. Qa5 Ra6 31. Qc3 Rc6 32. Qa5 Ra6 1/2-1/2

[Event "EU-ch U10 Girls 30th"]
[Site "Antalya"]
[Date "2022.11.10"]
[Round "5"]
[White "Rzadkowska, Kaja"]
[Black "Popczynska, Michalina"]
[Result "0-1"]
[WhiteElo "1278"]
[BlackElo "1305"]
[PlyCount "120"]
[EventDate "2022.11.06"]
[EventType "swiss"]
[EventRounds "9"]
[EventCountry "TUR"]
[SourceTitle "CBM 211 Extra"]
[Source "ChessBase"]
[SourceDate "2023.01.31"]
[SourceVersion "1"]
[SourceVersionDate "2023.01.31"]
[SourceQuality "1"]

1. d4 Nf6 2. Nf3 d5 3. c4 e6 4. g3 Be7 5. Bg2 0-0 6. 0-0 Nbd7 7. Nbd2 c6 8. b3 Re8 9. Bb2 Nf8 10. Ne5 Ng6 11. Qc2 Bd7 12. Rad1 Rc8 13. e4 dxe4 14. Nxe4 Nxe4 15. Qxe4 Rc7 16. f4 f5 17. Qf3 Bf6 18. Ba3 Be7 19. Bb2 Bf6 20. Qh5 Nxe5 21. fxe5 Bg5 22. h4 Be3+ 23. Kh1 g6 24. Qf3 f4 25. gxf4 Qxh4+ 26. Qh3 Qxh3+ 27. Bxh3 Rf8 28. Ba3 Rxf4 29. Rxf4 Bxf4 30. Bd6 Rc8 31. d5 Re8 32. Rf1 g5 33. Bg4 cxd5 34. cxd5 Bb5 35. Bh5 Bxf1 36. Bxe8 exd5 37. Bc5 Bxe5 38. Kg1 Ba6 39. Be3 g4 40. Bh5 g3 41. Kg2 Bd3 42. a3 Be4+ 43. Kg1 d4 44. Bd2 d3 45. Be3 Bc3 46. Bd1 d2 47. Bxa7 Kf7 48. b4 Kg6 49. b5 h5 50. a4 h4 51. Bf2 gxf2+ 52. Kxf2 b6 53. Kg1 h3 54. Kh2 Bg2 55. Be2 Be5+ 56. Kg1 Be4 57. Bd1 h2+ 58. Kf2 h1Q 59. Bb3 Qf3+ 60. Kg1 Qg2# 0-1